000 01109nam a22002055i 4500
001 154996
003 ES-MaACL
005 20251115063311.0
008 020308s1866 sp |||| | spa d
040 _aCAM
_bspa
_cCAM
100 1 _aGutiérrez de Alba, José María,
_d1822-1897
_9127661
245 1 0 _aPor amor al arte ó La escuela de declamacion
_b: juguete cómico en un acto y en prosa /
_coriginal de José Maria Gutiérrez de Alba.
260 _aMadrid :
_b[s.n.],
_c1866 (
_fImprenta de José Rodríguez)
300 _a27 p. ;
_c19 cm.
500 1 _aEscrito expresamente para la inauguracion de la escuela teórico-práctica fundada y dirigida por Antonio Capo, y estrenado en Madrid, en su teatro especial el 21 de junio de 1866.
596 1 _aAl v. de port. consta : "... Galería dramática y lírica titulada El Teatro..."
740 3 1 _aLa escuela de declamación.
852 _aES-MaACL
_jF-8551(5)
_z-- Enc. pasta española
_q-- Falto de la cub. original
_z-- Enc. en un vol. facticio, formando parte de la col. facticia "Teatro español moderno", v. 3
999 _c154996
_d154996